01224nam a2200313Ia 4500001001200000003000800012006001900020007001500039008004100054010001700095020001800112020001800130040002100148035002100169050002500190082001400215245014200229260006200371300002400433504005100457533015200508650001100660650001700671655002900688700002800717700002200745710001700767856012600784ebr10428210CaPaEBRm u cr cn|||||||||100708s2010 enka sb 001 0 eng d z 2010028776 z9780754679752 z9780754699354 aCaPaEBRcCaPaEBR a(OCoLC)69414694114aGT3190b.D425 2010eb04a306.922200aDeathscapesh[electronic resource] :bspaces for death, dying, mourning and remembrance /cedited by Avril Maddrell and James D. Sidaway. aFarnham, Surrey, UK ;aBurlington, VT :bAshgate,cc2010. axvi, 305 p. :bill. aIncludes bibliographical references and index. aElectronic reproduction.bPalo Alto, Calif. :cebrary,d2010.nAvailable via World Wide Web.nAccess may be limited to ebrary affiliated libraries. 0aDeath. 0aBereavement. 7aElectronic books.2local1 aMaddrell, Avril,d1964-1 aSidaway, James D.2 aebrary, Inc.40uhttp://site.ebrary.com/lib/rucke/Doc?id=10428210zAn electronic book accessible through the World Wide Web; click to view